000 00354nam a22001097a 4500
008 230619b xxu||||| |||| 00| 0 eng d
082 _a305.42
_bUN
245 _aReport of the Committee on the Elimination of Discrimination against Women
_b(Eighteenth and Nineteenth Sessions)
260 _aNew York
_bUnited Nations
_c1993
300 _a109p
942 _2ddc
_cBK
999 _c1371
_d1371